书目信息 |
| 题名: |
吉他初学那些事儿
|
|
| 作者: | 刘杰 , 陈飞 主编 | |
| 分册: | ||
| 出版信息: | 北京 人民邮电出版社 2020 |
|
| 页数: | 182页 | |
| 开本: | 24cm | |
| 丛书名: | ||
| 单 册: | ||
| 中图分类: | D6 , J623.26 | |
| 科图分类: | ||
| 主题词: | 社会主义政治学--研究--中国 , 器乐--理论 , 器乐--奏法 , 器乐--演奏 | |
| 电子资源: | ||
| ISBN: | 978-7-115-54861-0 | |
| 000 | 01027cam0 2200289 450 | |
| 001 | 2145806226 | |
| 005 | 20210104133122.97 | |
| 010 | @a978-7-115-54861-0@dCNY59.80 | |
| 100 | @a20200615d2020 em y0chiy50 ea | |
| 101 | 0 | @achi |
| 102 | @aCN@b110000 | |
| 105 | @ay z 000yy | |
| 200 | 1 | @a吉他初学那些事儿@Aji ta chu xue na xie shi er@9zhi li zheng zhi xue@b专著@e吉他小白必知必会的88个问题@f陈飞编著@Fchen fei bian zhu |
| 210 | @a北京@c人民邮电出版社@d2020 | |
| 215 | @a182页@d24cm | |
| 314 | @a刘杰,1965年生,1995年毕业于复旦大学国际政治系,获法学博士学位。现任上海社会科学院政治与公共管理研究所所长,研究员,博士生导师。 | |
| 517 | 1 | @a吉他小白必知必会的88个问题@Aji ta xiao bai bi zhi bi hui de 88 ge wen ti |
| 606 | 0 | @a社会主义政治学@x研究@y中国 |
| 606 | 0 | @a器乐@x理论 |
| 606 | 0 | @a器乐@x奏法 |
| 606 | 0 | @a器乐@x演奏 |
| 690 | @aD6@v5 | |
| 690 | @aJ623.26@v4 | |
| 701 | 0 | @a刘杰@9liu jie@f1965-@4主编 |
| 701 | 0 | @a陈飞@Achen fei@4编著 |
| 801 | 2 | @aCN@b58marc.cn@c20200719 |
| 905 | @aMUSE@dJ623.26@e16 | |
| 吉他初学那些事儿:吉他小白必知必会的88个问题/陈飞编著.-北京:人民邮电出版社,2020 |
| 182页;24cm |
| ISBN 978-7-115-54861-0:CNY59.80 |
| ● |
| 相关链接 |
|
|
|
正题名:吉他初学那些事儿
索取号:J623.26/16
 
预约/预借
| 序号 | 登录号 | 条形码 | 馆藏地/架位号 | 状态 | 备注 |
| 1 | 2000878361 | 2000878361 | 第二书库/ [索取号:J623.26/16] | 在馆 | |
| 2 | 2000878362 | 2000878362 | 第二书库/ [索取号:J623.26/16] | 在馆 | |
| 3 | 2000878363 | 2000878363 | 第二书库/ [索取号:J623.26/16] | 在馆 |